| 000 | 01075nam a22003257a 4500 | ||
|---|---|---|---|
| 003 | OSt | ||
| 005 | 20230531163445.0 | ||
| 008 | 221006b |||||||| |||| 00| 0 eng d | ||
| 022 | _a978-2-940524-48-8 | ||
| 040 | _cBiblioteca Lado V | ||
| 082 |
_a800 _bP419m |
||
| 100 |
_9270 _aPeña, Alfonso _eeditor |
||
| 245 | _aMaterika/ | ||
| 260 |
_aMexico _bEdiciones Andromeda _c2005 |
||
| 300 |
_c15.5x21cm _a58p. |
||
| 366 | _espa | ||
| 490 |
_a10 _v2005 _x1409-3693 |
||
| 505 | _aPeru: Poetas de hoy | ||
| 505 | _aBird o la validez del esfuerzo | ||
| 505 | _aEn la presencia ausente de lo amado Juan Gelman | ||
| 505 | _aVentana a la utopia | ||
| 505 | _aThe yo yo girl show | ||
| 505 | _aLa caza del poeta | ||
| 650 |
_2Tesauro de Arte & Arquitectura _aPOESIA _9703 |
||
| 650 |
_2Tesauro de Arte & Arquitectura _aENTREVISTA _9702 |
||
| 650 |
_2Tesauro de Arte & Arquitectura _aLITERATURA _9702 |
||
| 650 |
_2Tesauro de Arte & Arquitectura _aNARRATIVA |
||
| 650 |
_2Tesauro de Arte & Arquitectura _aESPAÑOL |
||
| 942 |
_2ddc _c1 _h800 _iP419m _n0 |
||
| 999 |
_c3788 _d3788 |
||